00517nam a2200181Ia 4500003000900000008004100009020002200050040001600072080001500088245003800103260004600141300001700187490005100204650002300255650002300278650001200301700002200313IN-BaIIA211028s9999 xx 000 0 eng d a978-0-816-52945-2 cIIA Library a523.4bEXO 0aExoplanetscedited by Sara Seager aTucsonbUniversity of Arizona Pressc2010 axviii, 526p. aThe University of Arizona space science series aExoplanet dynamics aExtrasolar planets aPlanets aSeager, Sara, ed.